000 00756nam a2200277 i 4500
001 C2-0086715
003 PPAK
005 20180727091142.0
008 970506s1996 my a|||| ||||| | may d
020 _a983891164X
040 _aPPAK
_beng
_cPPAK
_erda
082 0 4 _a899.233
_223
090 0 0 _a899.233
_bJAM
_dG
090 0 0 _a899.233
_bJAM
_dK
100 0 _aJamilah Alias,
_eauthor
245 1 0 _aBukan salahku
264 1 _aKuala Lumpur :
_bPenerbit Orkid ,
_c1996
300 _a60 pages :
_billustrations ;
_c18 cm
336 _2rdacontent
_atext
337 _2rdamedia
_aunmediated
338 _2rdacarrier
_avolume
490 1 _aAntologi Cerpen Melati
650 1 0 _aShort stories - Malay
830 0 _aAntologi Cerpen Melati
942 _ddc
_cB
999 _c17869
_d17869